000 00628cam a22002173a 4500
001 35475
003 PGUSA
005 20140828083750.0
008 110303s2011||||xxu|||||s|||||000 | eng d
040 _aPGUSA
_beng
042 _adc
100 1 _aStead, Robert J. C.,
_d1880-1959
245 1 0 _aSongs of the Prairie
_h[electronic resource] /
_cRobert J. C. Stead
260 _bProject Gutenberg,
_c2011
506 _aPublic domain in the USA.
516 _aElectronic text
700 1 _aColborne, Elizabeth,
_d1885-1948
830 0 _aProject Gutenberg
_v35475
856 4 0 _uhttp://www.gutenberg.org/ebooks/35475
942 _cEB
999 _c264730
_d264730